000 00559nam a2200217Ia 4500
005 20250326144110.0
008 250326s9999 xx 000 0 und d
020 _a0-14310-200-1
037 _aTextbook
040 _aFMSL
_beng
_cFMSL
041 _aeng
_2eng
084 _aV44 P7
_qFMSL
100 _aChadha P
_9749025
245 0 _aInnovative India
_cChadha P
260 _aNew Delhi
_bNew Delhi, Penguin
_c2007
300 _axi,271.
365 _b395
650 _aCorporate
_9468884
942 _cTB
_hV44 P7
999 _c1302354
_d1302354